000 00535nam a2200145 4500
999 _c14678
_d14678
008 191022b ||||| |||| 00| 0 eng d
022 _a03080587
082 _aDPer 420.5 M72 Apr-Oct 2011 v. 20, n. 2-4
100 _940521
_aPorcaro, James W.
245 _aTask-based language teaching:
_bprinciples, perceptions, and practice/
_cJames W. Porcaro.
260 _aChichester, West Sussex:
_bPavilion Publishing,
_c©2011.
300 _av20 n4, pages 25-29:
_bcolor illustrations;
_c30 cm.
650 _aTeaching.
_940750
942 _2ddc
_cPER